[Event "EYCC Open-U14 2019"]
[Site "Bratislava"]
[Date "2019.08.08"]
[Round "7.39"]
[White "Briem, Benedikt"]
[Black "Paduano, Claudio"]
[Result "1-0"]
[WhiteElo "1901"]
[BlackElo "2037"]
[Annotator "NA"]
[PlyCount "119"]
[EventDate "2019.08.02"]
[EventType "swiss"]
[EventCountry "SVK"]
[SourceTitle "playchess.com"]
[Source "ChessBase"]
[SourceQuality "1"]
[TimeControl "40/5400+30:1800+30"]

1. d4 {[%emt 0:00:00]} Nf6 {[%emt 0:01:42]} 2. c4 {[%emt 0:00:00]} e6 {[%emt 0:00:25]} 3. Nc3 {[%emt 0:00:00]} d5 {[%emt 0:00:32]} 4. cxd5 {[%emt 0:00:00]} Nxd5 {[%emt 0:01:03]} 5. e4 {[%emt 0:00:11]} Nxc3 {[%emt 0:00:19]} 6. bxc3 {[%emt 0:00:02]} c5 {[%emt 0:02:01]} 7. Nf3 {[%emt 0:00:06]} cxd4 {[%emt 0:02:32]} 8. cxd4 {[%emt 0:00:06]} Bb4+ {[%emt 0:03:56]} 9. Bd2 {[%emt 0:00:08]} Bxd2+ {[%emt 0:01:18]} 10. Qxd2 {[%emt 0:00:01]} O-O {[%emt 0:03:06]} 11. Bc4 {[%emt 0:00:29]} Nc6 {[%emt 0:29:18]} 12. O-O {[%emt 0:00:33]} b6 {[%emt 0:10:41]} 13. Rad1 {[%emt 0:01:17]} Na5 {[%emt 0:14:44]} 14. Bd3 {[%emt 0:00:37]} Bb7 {[%emt 0:03:59]} 15. Rfe1 {[%emt 0:03:06]} Rc8 {[%emt 0:06:22]} 16. d5 {[%emt 0:05:10]} exd5 {[%emt 0:08:33]} 17. e5 {[%emt 0:00:31]} Qe7 {[%emt 0:07:04]} 18. Qf4 {[%emt 0:04:01]} h6 {[%emt 0:00:52]} 19. h4 {[%emt 0:06:54]} Nc6 {[%emt 0:00:32]} 20. h5 {[%emt 0:06:02]} Nb4 {[%emt 0:00:29]} 21. Bb1 {[%emt 0:04:52]} Rc4 {[%emt 0:00:31]} 22. Qf5 {[%emt 0:06:31]} g6 {[%emt 0:00:30]} 23. hxg6 {[%emt 0:00:55]} fxg6 {[%emt 0:00:29]} 24. Qxg6+ {[%emt 0:00:50]} Qg7 {[%emt 0:00:22]} 25. Qxg7+ {[%emt 0:03:05]} Kxg7 {[%emt 0:00:01]} 26. Nd4 {[%emt 0:00:48]} Bc8 {[%emt 0:01:08]} 27. e6 {[%emt 0:02:11]} Kf6 {[%emt 0:00:28]} 28. Re3 {[%emt 0:03:32]} Nc6 {[%emt 0:00:31]} 29. Rf3+ {[%emt 0:01:05]} Ke7 {[%emt 0:00:30]} 30. Nf5+ {[%emt 0:01:43]} Rxf5 {[%emt 0:00:30]} 31. Rxf5 {[%emt 0:05:36]} Bxe6 32. Rh5 {[%emt 0:03:23]} Nd4 {[%emt 0:01:00]} 33. Re1 {[%emt 0:00:49]} Kd6 {[%emt 0:00:30]} 34. Rxh6 {[%emt 0:00:31]} Kc5 {[%emt 0:00:30]} 35. Rh7 {[%emt 0:02:46]} a5 {[%emt 0:00:31]} 36. Bd3 {[%emt 0:01:27]} Ra4 {[%emt 0:00:29]} 37. Bb1 {[%emt 0:07:07]} b5 {[%emt 0:00:28]} 38. Rc7+ {[%emt 0:01:19]} Kd6 {[%emt 0:00:31]} 39. Ra7 {[%emt 0:00:54]} Bd7 {[%emt 0:00:32]} 40. f3 {[%emt 0:00:00]} b4 {[%emt 0:00:00]} 41. Ra8 {[%emt 0:20:42]} Bf5 {[%emt 0:25:38]} 42. Bxf5 {[%emt 0:01:59]} Nxf5 {[%emt 0:00:14]} 43. Rd8+ {[%emt 0:00:31]} Kc5 {[%emt 0:05:48]} 44. Rc1+ {[%emt 0:02:13]} Kd4 45. Rd1+ {[%emt 0:00:50]} Kc3 {[%emt 0:01:18]} 46. R8xd5 {[%emt 0:01:56]} Rxa2 {[%emt 0:00:30]} 47. Rc5+ {[%emt 0:02:03]} Kb3 {[%emt 0:00:30]} 48. Rd3+ {[%emt 0:01:48]} Ka4 {[%emt 0:00:31]} 49. Rdd5 {[%emt 0:00:37]} Kb3 {[%emt 0:00:30]} 50. Rxf5 {[%emt 0:07:55]} a4 {[%emt 0:00:29]} 51. Rf4 {[%emt 0:00:17]} a3 {[%emt 0:00:32]} 52. Rb5 {[%emt 0:00:39]} Ra1+ {[%emt 0:00:29]} 53. Kh2 {[%emt 0:00:19]} a2 {[%emt 0:00:30]} 54. Rbxb4+ {[%emt 0:00:06]} Kc3 {[%emt 0:00:30]} 55. Ra4 {[%emt 0:00:10]} Kb2 {[%emt 0:00:29]} 56. Rfe4 {[%emt 0:00:51]} Kb3 {[%emt 0:00:32]} 57. Reb4+ {[%emt 0:01:42]} Kc3 {[%emt 0:00:28]} 58. Rb5 {[%emt 0:00:18]} Rb1 {[%emt 0:00:31]} 59. Rba5 {[%emt 0:00:12]} Rb8 {[%emt 0:00:30]} 60. Rxa2 {[%emt 0:00:16]} 1-0

[Event "EYCC Open-U14 2019"]
[Site "Bratislava"]
[Date "2019.08.08"]
[Round "7.40"]
[White "Djurovic, Peko"]
[Black "Grahn, Vidar"]
[Result "0-1"]
[WhiteElo "2048"]
[BlackElo "1980"]
[Annotator "NA"]
[PlyCount "72"]
[EventDate "2019.08.02"]
[EventType "swiss"]
[EventCountry "SVK"]
[SourceTitle "playchess.com"]
[Source "ChessBase"]
[SourceQuality "1"]
[TimeControl "40/5400+30:1800+30"]

1. e4 {[%emt 0:00:00]} c5 {[%emt 0:00:00]} 2. Nf3 {[%emt 0:00:00]} Nc6 {[%emt 0:00:00]} 3. d4 {[%emt 0:01:26]} cxd4 {[%emt 0:00:00]} 4. Nxd4 {[%emt 0:00:04]} g6 {[%emt 0:00:00]} 5. Nc3 {[%emt 0:00:18]} Bg7 {[%emt 0:00:02]} 6. Be3 {[%emt 0:00:25]} Nf6 {[%emt 0:00:06]} 7. f3 {[%emt 0:00:43]} O-O {[%emt 0:00:07]} 8. Qd2 {[%emt 0:00:05]} d5 {[%emt 0:00:07]} 9. O-O-O {[%emt 0:03:10]} dxe4 {[%emt 0:21:09]} 10. Qe1 {[%emt 0:11:08]} Qa5 {[%emt 0:07:28]} 11. fxe4 {[%emt 0:02:55]} Ng4 {[%emt 0:07:40]} 12. Nxc6 {[%emt 0:01:06]} bxc6 {[%emt 0:02:41]} 13. Bd4 {[%emt 0:00:14]} Be6 {[%emt 0:11:01]} 14. Bxg7 {[%emt 0:03:46]} Kxg7 {[%emt 0:00:14]} 15. Kb1 {[%emt 0:01:38]} Rab8 {[%emt 0:07:47]} 16. h4 {[%emt 0:05:09]} h5 {[%emt 0:03:29]} 17. Bd3 {[%emt 0:02:51]} Rb7 {[%emt 0:04:00]} 18. b3 {[%emt 0:00:35]} Rfb8 {[%emt 0:01:45]} 19. Rf1 {[%emt 0:03:50]} c5 {[%emt 0:01:24]} 20. Nd5 {[%emt 0:00:52]} Qxe1 {[%emt 0:03:32]} 21. Rdxe1 {[%emt 0:00:18]} Ne5 {[%emt 0:02:17]} 22. Ba6 {[%emt 0:00:16]} Rd7 {[%emt 0:00:13]} 23. c4 {[%emt 0:00:07]} Rd6 {[%emt 0:01:51]} 24. Bb5 {[%emt 0:00:02]} a6 {[%emt 0:00:37]} 25. Ba4 {[%emt 0:00:59]} Nxc4 {[%emt 0:00:25]} 26. Kc2 {[%emt 0:00:52]} Nb6 {[%emt 0:01:38]} 27. Nxe7 {[%emt 0:03:35]} Nxa4 {[%emt 0:02:12]} 28. bxa4 {[%emt 0:00:13]} Rb7 {[%emt 0:02:03]} 29. Nd5 {[%emt 0:00:50]} Bxd5 {[%emt 0:00:11]} 30. exd5 {[%emt 0:00:01]} Rxd5 {[%emt 0:00:13]} 31. Re4 {[%emt 0:01:17]} Rbd7 {[%emt 0:00:48]} 32. Kb3 {[%emt 0:03:21]} Rd2 {[%emt 0:03:46]} 33. g4 {[%emt 0:00:45]} Rb7+ {[%emt 0:01:14]} 34. Kc3 {[%emt 0:00:29]} Rd4 {[%emt 0:01:58]} 35. Rff4 {[%emt 0:01:38]} Rbb4 {[%emt 0:00:49]} 36. Rxd4 {[%emt 0:04:00]} Rxd4 {[%emt 0:00:07]} 0-1

[Event "EYCC Open-U14 2019"]
[Site "Bratislava"]
[Date "2019.08.08"]
[Round "7.41"]
[White "Falkevall, Axel"]
[Black "Pegno, Mattia"]
[Result "0-1"]
[WhiteElo "2067"]
[BlackElo "1821"]
[Annotator "NA"]
[PlyCount "62"]
[EventDate "2019.08.02"]
[EventType "swiss"]
[EventCountry "SVK"]
[SourceTitle "playchess.com"]
[Source "ChessBase"]
[SourceQuality "1"]
[TimeControl "40/5400+30:1800+30"]

1. e4 {[%emt 0:00:00]} c5 {[%emt 0:00:00]} 2. c3 {[%emt 0:00:00]} Nf6 {[%emt 0:00:00]} 3. e5 {[%emt 0:00:00]} Nd5 {[%emt 0:00:00]} 4. d4 {[%emt 0:00:00]} cxd4 {[%emt 0:00:25]} 5. Nf3 {[%emt 0:00:15]} d6 {[%emt 0:00:53]} 6. cxd4 {[%emt 0:00:08]} e6 {[%emt 0:00:35]} 7. a3 {[%emt 0:01:21]} Nc6 {[%emt 0:03:23]} 8. Bd3 {[%emt 0:00:47]} dxe5 {[%emt 0:04:06]} 9. dxe5 {[%emt 0:01:00]} Be7 {[%emt 0:01:23]} 10. O-O {[%emt 0:01:24]} O-O {[%emt 0:01:52]} 11. Qe2 {[%emt 0:04:14]} Qc7 {[%emt 0:16:31]} 12. Qe4 {[%emt 0:07:29]} f5 {[%emt 0:06:17]} 13. exf6 {[%emt 0:04:02]} Nxf6 {[%emt 0:00:31]} 14. Qc4 {[%emt 0:12:37]} Kh8 {[%emt 0:18:05]} 15. Nc3 {[%emt 0:05:19]} Bd7 {[%emt 0:04:07]} 16. Bg5 {[%emt 0:06:36]} Rac8 {[%emt 0:05:39]} 17. Qh4 {[%emt 0:10:03]} h6 {[%emt 0:05:21]} 18. Rfe1 {[%emt 0:09:15]} Kg8 {[%emt 0:08:42]} 19. Bxh6 {[%emt 0:15:02]} gxh6 {[%emt 0:05:03]} 20. Qxh6 {[%emt 0:00:46]} Rf7 {[%emt 0:04:55]} 21. Nb5 {[%emt 0:10:56]} Qb6 {[%emt 0:03:23]} 22. h3 {[%emt 0:02:12]} Rcf8 {[%emt 0:02:52]} 23. Rac1 {[%emt 0:01:03]} a6 {[%emt 0:01:48]} 24. Rc4 {[%emt 0:00:59]} Rg7 {[%emt 0:04:48]} 25. Rh4 {[%emt 0:02:21]} Kf7 {[%emt 0:00:56]} 26. Ng5+ {[%emt 0:00:55]} Rxg5 {[%emt 0:00:19]} 27. Qxg5 {[%emt 0:00:30]} Ke8 {[%emt 0:00:47]} 28. Qg6+ {[%emt 0:01:33]} Kd8 {[%emt 0:00:26]} 29. Nc3 {[%emt 0:01:09]} Ng4 {[%emt 0:00:51]} 30. Rxg4 {[%emt 0:00:51]} Qxf2+ {[%emt 0:00:11]} 31. Kh2 {[%emt 0:00:13]} Bd6+ {[%emt 0:00:19]} 0-1

[Event "EYCC Open-U14 2019"]
[Site "Bratislava"]
[Date "2019.08.08"]
[Round "7.42"]
[White "Maldonado Mena, German"]
[Black "Brnusak, Tomas"]
[Result "1/2-1/2"]
[WhiteElo "1822"]
[BlackElo "2032"]
[Annotator "NA"]
[PlyCount "77"]
[EventDate "2019.08.02"]
[EventType "swiss"]
[EventCountry "SVK"]
[SourceTitle "playchess.com"]
[Source "ChessBase"]
[SourceQuality "1"]
[TimeControl "40/5400+30:1800+30"]

1. d4 {[%emt 0:00:03]} Nf6 {[%emt 0:00:00]} 2. c4 {[%emt 0:00:46]} g6 {[%emt 0:00:33]} 3. Nc3 {[%emt 0:00:51]} Bg7 {[%emt 0:00:10]} 4. e4 {[%emt 0:00:59]} d6 {[%emt 0:02:45]} 5. h3 {[%emt 0:02:52]} O-O {[%emt 0:01:07]} 6. Be3 {[%emt 0:01:17]} c6 {[%emt 0:00:49]} 7. g4 {[%emt 0:01:38]} Na6 {[%emt 0:01:13]} 8. Nge2 {[%emt 0:12:32]} e5 {[%emt 0:02:35]} 9. d5 {[%emt 0:00:30]} cxd5 {[%emt 0:01:06]} 10. cxd5 {[%emt 0:00:35]} Qa5 {[%emt 0:02:24]} 11. Ng3 {[%emt 0:01:04]} Nc5 {[%emt 0:02:26]} 12. f3 {[%emt 0:03:16]} a6 {[%emt 0:06:44]} 13. Rb1 {[%emt 0:01:56]} Qd8 {[%emt 0:04:31]} 14. b4 {[%emt 0:04:46]} Ncd7 {[%emt 0:01:19]} 15. h4 {[%emt 0:03:28]} b5 {[%emt 0:08:05]} 16. Qd2 {[%emt 0:02:11]} Re8 {[%emt 0:03:18]} 17. h5 {[%emt 0:02:33]} Nf8 {[%emt 0:02:43]} 18. a4 {[%emt 0:18:20]} bxa4 {[%emt 0:03:01]} 19. Nxa4 {[%emt 0:02:31]} Rb8 {[%emt 0:00:31]} 20. Qf2 {[%emt 0:01:39]} Bd7 {[%emt 0:05:11]} 21. Nc3 {[%emt 0:12:44]} Qc7 {[%emt 0:04:14]} 22. Rc1 {[%emt 0:01:12]} Qb7 {[%emt 0:01:20]} 23. h6 {[%emt 0:00:22]} Bh8 {[%emt 0:01:56]} 24. g5 {[%emt 0:00:07]} Nh5 {[%emt 0:01:34]} 25. Nxh5 {[%emt 0:00:10]} gxh5 {[%emt 0:00:07]} 26. Qd2 {[%emt 0:07:50]} Ng6 {[%emt 0:04:01]} 27. Rxh5 {[%emt 0:01:42]} Rec8 {[%emt 0:02:06]} 28. Na2 {[%emt 0:01:19]} Rxc1+ {[%emt 0:00:30]} 29. Qxc1 {[%emt 0:00:02]} Rc8 {[%emt 0:00:20]} 30. Qd2 {[%emt 0:01:06]} Bb5 {[%emt 0:00:34]} 31. Rh1 {[%emt 0:06:01]} f6 {[%emt 0:03:40]} 32. Bh3 {[%emt 0:01:34]} Rc7 {[%emt 0:02:37]} 33. Be6+ {[%emt 0:01:01]} Kf8 {[%emt 0:00:13]} 34. gxf6 {[%emt 0:00:10]} Bxf6 {[%emt 0:01:51]} 35. Bg5 {[%emt 0:02:13]} Bxg5 {[%emt 0:08:11]} 36. Qxg5 {[%emt 0:00:01]} Qb6 {[%emt 0:01:09]} 37. Qd8+ {[%emt 0:02:33]} Be8 {[%emt 0:00:01]} 38. Qf6+ {[%emt 0:01:12]} Bf7 {[%emt 0:07:58]} 39. Qd8+ {[%emt 0:00:29]} 1/2-1/2

[Event "EYCC Open-U14 2019"]
[Site "Bratislava"]
[Date "2019.08.08"]
[Round "7.43"]
[White "Indriunas, Matas"]
[Black "Krivenko, Dion"]
[Result "1/2-1/2"]
[WhiteElo "1960"]
[BlackElo "1700"]
[Annotator "NA"]
[PlyCount "54"]
[EventDate "2019.08.02"]
[EventType "swiss"]
[EventCountry "SVK"]
[SourceTitle "playchess.com"]
[Source "ChessBase"]
[SourceQuality "1"]
[TimeControl "40/5400+30:1800+30"]

1. e4 {[%emt 0:00:00]} c5 {[%emt 0:00:00]} 2. Nc3 {[%emt 0:00:00]} Nc6 {[%emt 0:00:00]} 3. Nge2 {[%emt 0:00:09]} g6 {[%emt 0:00:03]} 4. d4 {[%emt 0:00:45]} cxd4 {[%emt 0:00:07]} 5. Nxd4 {[%emt 0:00:06]} Bg7 {[%emt 0:00:08]} 6. Be3 {[%emt 0:00:12]} Nf6 {[%emt 0:00:25]} 7. Nxc6 {[%emt 0:05:43]} bxc6 {[%emt 0:01:56]} 8. e5 {[%emt 0:00:13]} Ng8 {[%emt 0:00:34]} 9. Bd4 {[%emt 0:00:42]} Qc7 {[%emt 0:01:11]} 10. e6 {[%emt 0:11:09]} Nf6 {[%emt 0:04:12]} 11. exd7+ {[%emt 0:05:33]} Bxd7 {[%emt 0:03:24]} 12. Qe2 {[%emt 0:09:35]} O-O {[%emt 0:06:01]} 13. g3 {[%emt 0:02:52]} c5 {[%emt 0:04:23]} 14. Bxf6 {[%emt 0:10:32]} exf6 {[%emt 0:03:23]} 15. O-O-O {[%emt 0:02:26]} Bc6 {[%emt 0:08:20]} 16. Nd5 {[%emt 0:06:52]} Bxd5 {[%emt 0:03:05]} 17. Rxd5 {[%emt 0:00:07]} Rfe8 {[%emt 0:06:26]} 18. Qd2 {[%emt 0:05:39]} c4 {[%emt 0:11:10]} 19. Bg2 {[%emt 0:03:51]} Rab8 {[%emt 0:01:15]} 20. c3 {[%emt 0:02:07]} Qb7 {[%emt 0:07:23]} 21. f4 {[%emt 0:10:38]} Qa6 {[%emt 0:02:05]} 22. Kb1 {[%emt 0:00:38]} Qe6 {[%emt 0:04:31]} 23. Rd1 {[%emt 0:02:53]} Bf8 {[%emt 0:02:15]} 24. Ka1 {[%emt 0:04:39]} Be7 {[%emt 0:03:54]} 25. Rd7 {[%emt 0:03:21]} Red8 {[%emt 0:02:41]} 26. Rxd8+ Rxd8 27. Bd5 Qc8 1/2-1/2

[Event "EYCC Open-U14 2019"]
[Site "Bratislava"]
[Date "2019.08.08"]
[Round "7.44"]
[White "Andjelic, Djordje"]
[Black "Grzesik, Gracjan"]
[Result "0-1"]
[WhiteElo "1787"]
[BlackElo "2004"]
[Annotator "NA"]
[PlyCount "68"]
[EventDate "2019.08.02"]
[EventType "swiss"]
[EventCountry "SVK"]
[SourceTitle "playchess.com"]
[Source "ChessBase"]
[SourceQuality "1"]
[TimeControl "40/5400+30:1800+30"]

1. d4 {[%emt 0:00:00]} Nf6 {[%emt 0:00:00]} 2. Nf3 {[%emt 0:00:00]} b6 {[%emt 0:00:33]} 3. Bf4 {[%emt 0:00:19]} Bb7 {[%emt 0:00:21]} 4. Nbd2 {[%emt 0:00:29]} g6 {[%emt 0:03:04]} 5. e3 {[%emt 0:01:43]} Bg7 {[%emt 0:01:35]} 6. Be2 {[%emt 0:01:31]} O-O {[%emt 0:01:09]} 7. O-O {[%emt 0:00:21]} d6 {[%emt 0:01:38]} 8. h3 {[%emt 0:03:36]} Nbd7 {[%emt 0:00:30]} 9. c3 {[%emt 0:03:06]} Qe8 {[%emt 0:12:16]} 10. Nc4 {[%emt 0:11:41]} Ne4 {[%emt 0:08:36]} 11. Qc2 {[%emt 0:08:17]} e5 {[%emt 0:08:54]} 12. dxe5 {[%emt 0:02:01]} dxe5 {[%emt 0:00:47]} 13. Bh2 {[%emt 0:00:19]} Kh8 {[%emt 0:08:31]} 14. Nfd2 {[%emt 0:05:28]} Nxd2 {[%emt 0:05:33]} 15. Nxd2 {[%emt 0:00:40]} f5 {[%emt 0:02:59]} 16. Rad1 {[%emt 0:05:39]} Qe7 {[%emt 0:05:52]} 17. Nc4 {[%emt 0:07:08]} Qg5 {[%emt 0:09:49]} 18. g3 {[%emt 0:03:58]} Rad8 {[%emt 0:08:15]} 19. f4 {[%emt 0:01:41]} exf4 {[%emt 0:11:04]} 20. exf4 {[%emt 0:00:26]} Qe7 {[%emt 0:00:40]} 21. b4 {[%emt 0:04:13]} b5 {[%emt 0:02:39]} 22. Ne5 {[%emt 0:00:24]} Nxe5 {[%emt 0:01:22]} 23. fxe5 {[%emt 0:00:08]} Qxe5 {[%emt 0:00:28]} 24. Bf3 {[%emt 0:00:24]} Be4 {[%emt 0:02:24]} 25. Bxe4 {[%emt 0:00:16]} fxe4 {[%emt 0:00:47]} 26. g4 {[%emt 0:00:31]} Qe7 {[%emt 0:02:15]} 27. Rxd8 {[%emt 0:01:20]} Rxd8 {[%emt 0:00:38]} 28. Qe2 {[%emt 0:00:30]} Bxc3 {[%emt 0:00:45]} 29. Qxb5 {[%emt 0:00:14]} e3 {[%emt 0:00:29]} 30. Qc4 {[%emt 0:00:28]} Be5 {[%emt 0:00:31]} 31. Bxe5+ {[%emt 0:03:13]} Qxe5 {[%emt 0:00:03]} 32. Qf4 {[%emt 0:00:10]} Qxf4 {[%emt 0:00:33]} 33. Rxf4 {[%emt 0:00:03]} Rd1+ {[%emt 0:00:13]} 34. Kg2 {[%emt 0:00:31]} e2 {[%emt 0:00:11]} 0-1

[Event "EYCC Open-U14 2019"]
[Site "Bratislava"]
[Date "2019.08.08"]
[Round "7.45"]
[White "Zemach, Nadav"]
[Black "Olde, Karl Erik"]
[Result "1/2-1/2"]
[WhiteElo "1997"]
[BlackElo "1516"]
[Annotator "NA"]
[PlyCount "39"]
[EventDate "2019.08.02"]
[EventType "swiss"]
[EventCountry "SVK"]
[SourceTitle "playchess.com"]
[Source "ChessBase"]
[SourceQuality "1"]
[TimeControl "40/5400+30:1800+30"]

1. d4 {[%emt 0:00:00]} d5 {[%emt 0:00:00]} 2. c4 {[%emt 0:00:00]} e6 {[%emt 0:00:00]} 3. Nf3 {[%emt 0:00:00]} Nf6 {[%emt 0:00:00]} 4. g3 {[%emt 0:00:00]} Be7 {[%emt 0:00:14]} 5. Bg2 {[%emt 0:00:00]} O-O {[%emt 0:00:20]} 6. O-O {[%emt 0:00:00]} dxc4 {[%emt 0:00:54]} 7. Qc2 {[%emt 0:00:00]} a6 {[%emt 0:00:19]} 8. a4 {[%emt 0:00:02]} Bd7 {[%emt 0:00:53]} 9. Qxc4 {[%emt 0:00:05]} Bc6 {[%emt 0:00:08]} 10. Bf4 {[%emt 0:00:23]} Nh5 {[%emt 0:13:03]} 11. Bd2 {[%emt 0:00:59]} Bd5 {[%emt 0:01:45]} 12. Qc2 {[%emt 0:11:01]} Nf6 {[%emt 0:07:22]} 13. Nc3 {[%emt 0:00:16]} Bxf3 {[%emt 0:06:39]} 14. Bxf3 {[%emt 0:01:19]} c6 {[%emt 0:00:21]} 15. Qb3 {[%emt 0:10:56]} Qxd4 {[%emt 0:03:52]} 16. Rfd1 {[%emt 0:03:17]} Qb4 {[%emt 0:01:26]} 17. Qc2 {[%emt 0:00:24]} Qb6 {[%emt 0:02:56]} 18. Bf4 {[%emt 0:24:20]} a5 {[%emt 0:05:42]} 19. e4 {[%emt 0:06:28]} Nbd7 {[%emt 0:05:51]} 20. Rac1 {[%emt 0:06:24]} 1/2-1/2

[Event "EYCC Open-U14 2019"]
[Site "Bratislava"]
[Date "2019.08.08"]
[Round "7.46"]
[White "Danaci, Ege"]
[Black "Petreski, Leonid"]
[Result "1-0"]
[WhiteElo "1976"]
[BlackElo "1644"]
[Annotator "NA"]
[PlyCount "61"]
[EventDate "2019.08.02"]
[EventType "swiss"]
[EventCountry "SVK"]
[SourceTitle "playchess.com"]
[Source "ChessBase"]
[SourceQuality "1"]
[TimeControl "40/5400+30:1800+30"]

1. e4 {[%emt 0:00:00]} c5 {[%emt 0:00:00]} 2. Nf3 {[%emt 0:00:07]} Nc6 {[%emt 0:00:00]} 3. d4 {[%emt 0:00:13]} cxd4 {[%emt 0:00:00]} 4. Nxd4 {[%emt 0:00:12]} Nf6 {[%emt 0:00:00]} 5. Nc3 {[%emt 0:00:15]} e5 6. Ndb5 {[%emt 0:02:35]} d6 {[%emt 0:00:25]} 7. Bg5 {[%emt 0:01:41]} a6 {[%emt 0:00:07]} 8. Na3 {[%emt 0:00:41]} b5 {[%emt 0:01:04]} 9. Nd5 {[%emt 0:00:09]} Be7 {[%emt 0:00:34]} 10. Bxf6 {[%emt 0:02:06]} Bxf6 {[%emt 0:00:31]} 11. c3 {[%emt 0:01:13]} Bg5 {[%emt 0:01:42]} 12. Be2 {[%emt 0:02:09]} O-O {[%emt 0:01:03]} 13. O-O {[%emt 0:04:33]} Be6 {[%emt 0:02:18]} 14. Bg4 {[%emt 0:02:24]} g6 {[%emt 0:08:10]} 15. Nc2 {[%emt 0:03:10]} Kh8 {[%emt 0:04:37]} 16. Nce3 {[%emt 0:13:12]} f5 {[%emt 0:07:59]} 17. Bh3 {[%emt 0:00:17]} Bc8 {[%emt 0:05:11]} 18. a4 {[%emt 0:13:29]} Rb8 {[%emt 0:09:41]} 19. axb5 {[%emt 0:08:38]} Rxb5 {[%emt 0:02:24]} 20. Nc4 {[%emt 0:01:22]} fxe4 {[%emt 0:13:16]} 21. Bxc8 {[%emt 0:00:23]} Qxc8 {[%emt 0:00:05]} 22. Nxd6 {[%emt 0:00:33]} Qb8 {[%emt 0:02:18]} 23. Nxb5 {[%emt 0:00:20]} Qxb5 {[%emt 0:00:09]} 24. Qg4 {[%emt 0:01:26]} Qxd5 {[%emt 0:01:27]} 25. Qxg5 {[%emt 0:00:02]} Qb5 {[%emt 0:00:23]} 26. b4 {[%emt 0:02:01]} Kg7 {[%emt 0:01:52]} 27. Qe3 {[%emt 0:00:12]} Kf6 {[%emt 0:03:33]} 28. Qxe4 {[%emt 0:00:14]} Ke6 {[%emt 0:00:32]} 29. c4 {[%emt 0:00:09]} Qb6 {[%emt 0:00:24]} 30. Qd5+ {[%emt 0:00:11]} Kf6 {[%emt 0:00:28]} 31. b5 {[%emt 0:00:10]} 1-0

[Event "EYCC Open-U14 2019"]
[Site "Bratislava"]
[Date "2019.08.08"]
[Round "7.47"]
[White "Backiel, Hubert"]
[Black "Vaupot, Luka"]
[Result "0-1"]
[WhiteElo "1748"]
[BlackElo "1939"]
[Annotator "NA"]
[PlyCount "132"]
[EventDate "2019.08.02"]
[EventType "swiss"]
[EventCountry "SVK"]
[SourceTitle "playchess.com"]
[Source "ChessBase"]
[SourceQuality "1"]
[TimeControl "40/5400+30:1800+30"]

1. e4 {[%emt 0:00:00]} e6 {[%emt 0:00:00]} 2. d4 {[%emt 0:00:49]} d5 {[%emt 0:00:00]} 3. e5 {[%emt 0:00:54]} c5 {[%emt 0:00:00]} 4. c3 {[%emt 0:00:48]} Nc6 {[%emt 0:00:00]} 5. Be3 {[%emt 0:03:09]} Qb6 {[%emt 0:13:03]} 6. Qd2 {[%emt 0:01:55]} Bd7 {[%emt 0:05:41]} 7. Nf3 {[%emt 0:01:35]} f6 {[%emt 0:01:24]} 8. Be2 {[%emt 0:36:46]} cxd4 {[%emt 0:10:50]} 9. cxd4 {[%emt 0:02:40]} fxe5 {[%emt 0:02:36]} 10. Nxe5 {[%emt 0:03:08]} Nxe5 {[%emt 0:01:01]} 11. dxe5 {[%emt 0:00:22]} Bc5 {[%emt 0:00:09]} 12. Bxc5 {[%emt 0:02:04]} Qxc5 {[%emt 0:00:04]} 13. O-O {[%emt 0:00:56]} Ne7 {[%emt 0:00:15]} 14. b4 {[%emt 0:14:34]} Qb6 {[%emt 0:02:15]} 15. a4 {[%emt 0:01:57]} a6 {[%emt 0:16:14]} 16. a5 {[%emt 0:06:54]} Qa7 {[%emt 0:00:14]} 17. Qg5 {[%emt 0:06:00]} Nf5 {[%emt 0:00:42]} 18. Nd2 {[%emt 0:01:20]} O-O {[%emt 0:00:58]} 19. Nf3 {[%emt 0:00:29]} Nd4 {[%emt 0:20:08]} 20. Bd1 {[%emt 0:05:57]} Rac8 {[%emt 0:01:50]} 21. Qd2 {[%emt 0:01:31]} Rc4 {[%emt 0:04:02]} 22. Ra3 {[%emt 0:03:00]} Bb5 {[%emt 0:05:57]} 23. Re1 {[%emt 0:00:26]} Nxf3+ {[%emt 0:00:19]} 24. Bxf3 {[%emt 0:00:32]} Qd4 {[%emt 0:00:03]} 25. Rd3 {[%emt 0:01:40]} Qf4 {[%emt 0:00:07]} 26. Ree3 {[%emt 0:01:19]} Rxb4 {[%emt 0:00:35]} 27. g3 {[%emt 0:00:00]} Rb1+ {[%emt 0:00:48]} 28. Kg2 {[%emt 0:00:01]} Qb4 {[%emt 0:00:02]} 29. Qxb4 Rxb4 {[%emt 0:00:02]} 30. Rb3 {[%emt 0:01:35]} Rxb3 {[%emt 0:02:09]} 31. Rxb3 {[%emt 0:00:03]} Rc8 {[%emt 0:01:06]} 32. Bg4 {[%emt 0:01:33]} Kf7 {[%emt 0:00:38]} 33. Rb2 {[%emt 0:00:53]} Rc5 {[%emt 0:02:30]} 34. f4 {[%emt 0:01:07]} Bc6 {[%emt 0:01:35]} 35. Ra2 {[%emt 0:00:01]} g6 {[%emt 0:01:51]} 36. Kf2 {[%emt 0:00:34]} Rc4 {[%emt 0:02:17]} 37. Ke3 {[%emt 0:00:58]} Ke7 {[%emt 0:04:39]} 38. Be2 {[%emt 0:00:50]} Rb4 {[%emt 0:00:40]} 39. Kd2 {[%emt 0:00:36]} Bb5 {[%emt 0:01:37]} 40. Kc3 {[%emt 0:00:00]} Rb1 {[%emt 0:00:00]} 41. Bg4 {[%emt 0:04:22]} Bc4 {[%emt 0:01:28]} 42. Ra3 {[%emt 0:01:48]} Rh1 {[%emt 0:02:52]} 43. Kd4 {[%emt 0:04:28]} Rxh2 {[%emt 0:00:52]} 44. Kc5 {[%emt 0:00:52]} Rb2 {[%emt 0:00:17]} 45. Bd1 {[%emt 0:00:02]} Kd7 {[%emt 0:03:57]} 46. Bf3 {[%emt 0:03:39]} Rb5+ {[%emt 0:06:46]} 47. Kd4 {[%emt 0:00:06]} b6 {[%emt 0:00:09]} 48. axb6 {[%emt 0:00:27]} Rxb6 {[%emt 0:00:03]} 49. Kc5 {[%emt 0:00:02]} Kc7 {[%emt 0:05:17]} 50. Bg4 {[%emt 0:00:29]} Rc6+ {[%emt 0:00:19]} 51. Kd4 {[%emt 0:00:50]} Kb6 {[%emt 0:00:44]} 52. Bd1 {[%emt 0:00:43]} a5 {[%emt 0:00:45]} 53. Ra1 {[%emt 0:02:51]} Bb5 {[%emt 0:00:56]} 54. Bb3 {[%emt 0:00:42]} a4 {[%emt 0:00:40]} 55. Bd1 {[%emt 0:04:10]} Ka5 {[%emt 0:02:45]} 56. g4 {[%emt 0:01:05]} Rc4+ {[%emt 0:00:40]} 57. Ke3 {[%emt 0:02:21]} Re4+ {[%emt 0:02:26]} 58. Kf3 {[%emt 0:00:57]} Re1 {[%emt 0:01:45]} 59. Kf2 {[%emt 0:01:07]} Rf1+ {[%emt 0:00:28]} 60. Ke3 {[%emt 0:00:09]} Kb6 {[%emt 0:00:31]} 61. Rb1 {[%emt 0:03:25]} Kc5 {[%emt 0:02:25]} 62. f5 {[%emt 0:05:40]} gxf5 {[%emt 0:01:04]} 63. Rxb5+ {[%emt 0:01:47]} Kxb5 {[%emt 0:00:01]} 64. Be2+ {[%emt 0:00:31]} Kb4 {[%emt 0:00:02]} 65. Bxf1 {[%emt 0:00:30]} a3 {[%emt 0:00:07]} 66. gxf5 {[%emt 0:00:30]} a2 {[%emt 0:00:05]} 0-1